书目信息 |
| 题名: |
园林植物病虫害防治
|
|
| 作者: | 武三安 主编 | |
| 分册: | ||
| 出版信息: | 北京 中国林业出版社 2007 |
|
| 页数: | 398页 | |
| 开本: | 26cm | |
| 丛书名: | ||
| 单 册: | ||
| 中图分类: | S436.8 | |
| 科图分类: | ||
| 主题词: | 园林植物--病虫害防治方法--高等学校--教材 , 园林植物 , 病虫害防治方法 | |
| 电子资源: | ||
| ISBN: | 978-7-5038-4006-7 | |
| 000 | 00925nam0 2200289 450 | |
| 001 | 012015000360 | |
| 005 | 20150914161636.10 | |
| 010 | @a978-7-5038-4006-7@dCNY42.00(含光盘) | |
| 100 | @a20070328d2007 em y0chiy50 ea | |
| 101 | 0 | @achi |
| 102 | @aCN@b110000 | |
| 105 | @aa z 000yy | |
| 106 | @ar | |
| 200 | 1 | @a园林植物病虫害防治@Ayuan lin zhi wu bing chong hai fang zhi@f武三安主编 |
| 205 | @a2版 | |
| 210 | @a北京@c中国林业出版社@d2007 | |
| 215 | @a398页@c图@d26cm | |
| 300 | @a高等院校园林专业通用教材 | |
| 307 | @a未见光盘 | |
| 330 | @a全书分上下两篇,系统地讲述了园林植物病虫害防治的基础知识和基本理论以及园林植物主要病虫害的危害特点、发生规律和防治方法。 | |
| 606 | 0 | @a园林植物@x病虫害防治方法@x高等学校@j教材 |
| 606 | 0 | @a园林植物 |
| 606 | 0 | @a病虫害防治方法 |
| 690 | @aS436.8@v5 | |
| 701 | 0 | @a武三安@Awu san an@4主编 |
| 801 | 0 | @aCN@b碧洲教育@c20150716 |
| 905 | @a10447@f4@dS436.8@e104=2 | |
| 园林植物病虫害防治/武三安主编.-2版.-北京:中国林业出版社,2007 |
| 398页:图;26cm |
| 高等院校园林专业通用教材 |
| ISBN 978-7-5038-4006-7:CNY42.00(含光盘) |
| 全书分上下两篇,系统地讲述了园林植物病虫害防治的基础知识和基本理论以及园林植物主要病虫害的危害特点、发生规律和防治方法。 |
| ● |
| 相关链接 |
|
|
|
|
正题名:园林植物病虫害防治
索取号:S436.8/104=2
 
预约/预借
| 序号 | 登录号 | 条形码 | 馆藏地/架位号 | 状态 | 备注 |
| 1 | 0849604 | 208496046 | 第二样本阅览室/ [索取号:S436.8/104=2] | 在馆 | |
| 2 | 0849605 | 208496055 | 第三借阅区/ [索取号:S436.8/104=2] | 在馆 | |
| 3 | 0849606 | 208496064 | 第三借阅区/ [索取号:S436.8/104=2] | 在馆 | |
| 4 | 0849607 | 208496073 | 密集书库-生命科学系/ [索取号:S436.8/104=2] | 在馆 |